000 00531nam a22001697a 4500
003 SISC
005 20170615115050.0
008 170615b xxu||||| |||| 00| 0 eng d
020 _a9786214060337
050 _aPL 6059
_b.Sa237 2015
100 _aSantos, Deogracia DC
245 _aMasining na pagpapahayag /
_cDeogracia DC Santos (and 5 others).
260 _aManila :
_bMindshapers Co., Inc.,
_c2015.
300 _avi, 260 pages :
_billustrations ;
_c25 cm.
500 _aIncludes bibliographical references.
942 _2lcc
_cBK
999 _c335235
_d335235